000
00279nam a22001337a 4500
041
_a
ENG
100
_a
Verma.U.S
245
_a
Machine Drawing
260
_a
Delhi
_b
Dhanpat Rai & Company ( P ) LTD
_c
2000
300
_a
164
650
_a
FMP
700
_a
Rao .S
856
_u
FMP
999
_c
522
_d
522